000 00892nam a2200217 a 4500
003 0
005 20250617145615.0
008 021115s19uu xx 00 eng d
050 _aPGS LB 3609
_b.J62 1999
100 _aJoaquin, Christine Mary R.
245 _aThe relationship of the "barkada" system to the academic and behavioral standing of first year students of Southville International School /
_cChristine Mary R. Joaquin.
260 _aLas PiƱas City, Philippines :
_bSouthville International School and Colleges,
_c1999.
300 _aUnpaged :
_billustrations ;
_c28 cm.
504 _aIncludes bibliographical references.
650 _aPeer groups in adolescence.
650 _aAcademic achievement
_vSocial aspects.
650 _aHigh school students
_vConduct of life.
650 _aSocial groups
_vInfluence.
650 _aFriendship in adolescence.
942 _2lcc
_cPASS
999 _c96175
_d96175